[Event "Daventry 4NCL U2000"]
[Site "Daventry"]
[Date "2025.04.21"]
[Round "7.4"]
[White "Griffin-Young, Sebastian"]
[Black "Calvert, George"]
[Result "0-1"]
[WhiteElo "1875"]
[BlackElo "1705"]
[PlyCount "54"]
[EventDate "2025.04.18"]
[EventType "swiss"]
[EventRounds "7"]
[EventCountry "ENG"]
[SourceTitle "BritBase"]
[Source "John Saunders"]
[SourceDate "2025.09.17"]
[SourceVersion "1"]
[SourceVersionDate "2025.09.17"]
[SourceQuality "1"]

1. c4 e5 2. g3 Nf6 3. Bg2 Bc5 4. Nc3 O-O 5. Nf3 Nc6 6. O-O d6 7. d3 Be6 8. Ng5 Bf5 9. a3 Qd7 10. e3 h6 11. b4 hxg5 12. bxc5 dxc5 13. e4 Bg4 14. f3 Qd4+ 15. Kh1 Qxc3 16. Bd2 Qxd3 17. fxg4 Nxg4 18. Qxg4 Qxd2 19. Rad1 Qe3 20. Rf3 Qe2 21. Rdf1 Nd4 22. Qxg5 Nxf3 23. Rxf3 Rad8 24. Qf5 Rd2 25. Qh3 Rd1+ 26. Rf1 Rxf1+ 27. Bxf1 Qxe4+ 0-1

[Event "Daventry 4NCL U2000"]
[Site "Daventry"]
[Date "2025.04.21"]
[Round "7.5"]
[White "Liu, Jacob"]
[Black "Gibson, Christopher A"]
[Result "1-0"]
[WhiteElo "1858"]
[BlackElo "1886"]
[PlyCount "81"]
[EventDate "2025.04.18"]
[EventType "swiss"]
[EventRounds "7"]
[EventCountry "ENG"]
[SourceTitle "BritBase"]
[Source "John Saunders"]
[SourceDate "2025.09.17"]
[SourceVersion "1"]
[SourceVersionDate "2025.09.17"]
[SourceQuality "1"]

1. e4 c5 2. Nf3 Nc6 3. d4 cxd4 4. Nxd4 e5 5. Nb5 d6 6. N1c3 Nf6 7. Bg5 a6 8. Na3 b5 9. Nd5 Be7 10. Bxf6 Bxf6 11. c4 b4 12. Nc2 Rb8 13. b3 a5 14. Be2 O-O 15. O-O Bg5 16. g3 Bh3 17. Re1 Qd7 18. Nce3 Bxe3 19. Nxe3 Be6 20. Qd3 Nd4 21. Nc2 Nxc2 22. Qxc2 Qa7 23. Red1 Qc5 24. Rd3 f5 25. Re3 f4 26. gxf4 exf4 27. Rd3 Rf6 28. Bf3 Qg5+ 29. Kf1 Rh6 30. Ke2 Rxh2 31. Rf1 Qc5 32. Qd2 Rd8 33. Qxf4 Rh6 34. Rg1 Kh8 35. Rg5 Qc7 36. Bg4 Rf6 37. Qg3 Bxg4+ 38. Qxg4 Rdf8 39. f3 a4 40. Rh5 Rg6 41. Qxg6 1-0

[Event "Daventry 4NCL U2000"]
[Site "Daventry"]
[Date "2025.04.21"]
[Round "7.6"]
[White "Dhingra, Kanvansh"]
[Black "Matthews, Adrian MS"]
[Result "1-0"]
[WhiteElo "1749"]
[BlackElo "1855"]
[PlyCount "73"]
[EventDate "2025.04.18"]
[EventType "swiss"]
[EventRounds "7"]
[EventCountry "ENG"]
[SourceTitle "BritBase"]
[Source "John Saunders"]
[SourceDate "2025.09.17"]
[SourceVersion "1"]
[SourceVersionDate "2025.09.17"]
[SourceQuality "1"]

1. e4 c5 2. Nf3 Nc6 3. d4 cxd4 4. Nxd4 Nf6 5. Nc3 e5 6. Ndb5 d6 7. Nd5 Nxd5 8. exd5 Nb8 9. c4 Be7 10. Be3 a6 11. Nc3 O-O 12. Bd3 f5 13. f4 Nd7 14. Qd2 b6 15. O-O-O e4 16. Bc2 Nc5 17. g4 a5 18. g5 a4 19. h4 Ba6 20. Qe2 Qc7 21. Rd4 Rfc8 22. g6 h6 23. Rdd1 Qd7 24. Kb1 Rab8 25. Bxc5 Rxc5 26. Bxa4 Qd8 27. Bb5 Bxb5 28. Nxb5 Bf6 29. Na7 Qc7 30. Nc6 Ra8 31. b4 Rxc6 32. dxc6 Qxc6 33. Rh3 Qa4 34. Qd2 Kh8 35. a3 Bxh4 36. Qxd6 Bf6 37. Rxh6+ 1-0

[Event "Daventry 4NCL U2000"]
[Site "Daventry"]
[Date "2025.04.21"]
[Round "7.7"]
[White "Ronald, Ted"]
[Black "Bellano, Harry"]
[Result "1-0"]
[WhiteElo "1826"]
[BlackElo "1645"]
[PlyCount "103"]
[EventDate "2025.04.18"]
[EventType "swiss"]
[EventRounds "7"]
[EventCountry "ENG"]
[SourceTitle "BritBase"]
[Source "John Saunders"]
[SourceDate "2025.09.17"]
[SourceVersion "1"]
[SourceVersionDate "2025.09.17"]
[SourceQuality "1"]

1. e4 e5 2. Nf3 Nc6 3. d4 exd4 4. Bc4 Bb4+ 5. c3 dxc3 6. O-O d6 7. bxc3 Bc5 8. Re1 Nge7 9. Ng5 Ne5 10. Bb3 O-O 11. Be3 Bxe3 12. Rxe3 h6 13. Nf3 Bg4 14. Nbd2 N7g6 15. h3 Nxf3+ 16. Nxf3 Be6 17. Nd4 Bxb3 18. axb3 Re8 19. Nf5 Ne7 20. Rg3 Nxf5 21. exf5 Qf6 22. Qf3 b6 23. Ra4 Kh8 24. Rag4 g5 25. fxg6 Qxf3 26. g7+ Kg8 27. Rxf3 Re1+ 28. Kh2 Rae8 29. Kg3 R1e4 30. Rff4 Rxf4 31. Kxf4 a5 32. c4 c6 33. Kf5 b5 34. cxb5 cxb5 35. Rd4 Re5+ 36. Kf4 Re6 37. Rd5 a4 38. Rxb5 axb3 39. Rxb3 Rf6+ 40. Ke3 Kxg7 41. f4 Kg6 42. g4 h5 43. Rb5 Re6+ 44. Kf3 hxg4+ 45. Kxg4 Re3 46. Rd5 f5+ 47. Rxf5 Rg3+ 48. Kxg3 Kxf5 49. h4 d5 50. h5 d4 51. Kf3 d3 52. Ke3 1-0

[Event "Daventry 4NCL U2000"]
[Site "Daventry"]
[Date "2025.04.21"]
[Round "7.8"]
[White "Dean, Robert A"]
[Black "Dunkley, Michael"]
[Result "0-1"]
[WhiteElo "1790"]
[BlackElo "1825"]
[PlyCount "118"]
[EventDate "2025.04.18"]
[EventType "swiss"]
[EventRounds "7"]
[EventCountry "ENG"]
[SourceTitle "BritBase"]
[Source "John Saunders"]
[SourceDate "2025.09.17"]
[SourceVersion "1"]
[SourceVersionDate "2025.09.17"]
[SourceQuality "1"]

1. e4 e6 2. d4 d5 3. Nd2 c5 4. exd5 exd5 5. Bb5+ Bd7 6. Qe2+ Qe7 7. Bxd7+ Nxd7 8. dxc5 Nxc5 9. Nb3 Qxe2+ 10. Nxe2 Nf6 11. O-O Bd6 12. Be3 Rc8 13. Nxc5 Bxc5 14. Bxc5 Rxc5 15. c3 O-O 16. Nd4 Re8 17. Rfe1 Kf8 18. Rxe8+ Nxe8 19. Re1 Nd6 20. f3 Nc4 21. Re2 Ra5 22. a3 Rc5 23. Kf2 a6 24. Ke1 Rc7 25. Nf5 g6 26. Ne3 Rd7 27. Kd1 h5 28. Kc2 d4 29. cxd4 Nxe3+ 30. Rxe3 Rxd4 31. Kc3 Rd1 32. Re2 Rd7 33. Kb4 Kg7 34. Kc5 Kf6 35. Kb6 Kf5 36. a4 g5 37. b4 h4 38. h3 f6 39. a5 Kf4 40. Re4+ Kg3 41. Rg4+ Kf2 42. Kc5 Kg1 43. f4 gxf4 44. Rxf4 Kxg2 45. Rxh4 f5 46. Rf4 Rf7 47. Kd6 Kg3 48. Rf1 f4 49. Ke6 Rf8 50. Ke7 Rf5 51. Ke6 Rb5 52. h4 f3 53. Kd6 Kg2 54. Rb1 f2 55. Kc7 f1=Q 56. Rxf1 Kxf1 57. h5 Rxb4 58. h6 Rh4 59. Kxb7 Rxh6 0-1

[Event "Daventry 4NCL U2000"]
[Site "Daventry"]
[Date "2025.04.21"]
[Round "7.9"]
[White "Lawrence, Spencer"]
[Black "Wheeler, Tim"]
[Result "1/2-1/2"]
[WhiteElo "1825"]
[BlackElo "1863"]
[PlyCount "44"]
[EventDate "2025.04.18"]
[EventType "swiss"]
[EventRounds "7"]
[EventCountry "ENG"]
[SourceTitle "BritBase"]
[Source "John Saunders"]
[SourceDate "2025.09.17"]
[SourceVersion "1"]
[SourceVersionDate "2025.09.17"]
[SourceQuality "1"]

1. Nf3 Nf6 2. g3 g6 3. b3 Bg7 4. Bb2 O-O 5. Bg2 d6 6. d4 Nbd7 7. O-O e5 8. dxe5 Ng4 9. Qd2 Ngxe5 10. Nxe5 Nxe5 11. c4 Re8 12. f4 Nc6 13. Bxg7 Kxg7 14. Nc3 a5 15. Nd5 Nb4 16. Qb2+ f6 17. e4 Bd7 18. e5 Nxd5 19. Bxd5 dxe5 20. fxe5 Rxe5 21. Bxb7 Rb8 22. Bg2 Qe7 1/2-1/2

[Event "Daventry 4NCL U2000"]
[Site "Daventry"]
[Date "2025.04.21"]
[Round "7.10"]
[White "Willow, Hambel M"]
[Black "Saha, Soumil"]
[Result "1-0"]
[WhiteElo "1850"]
[BlackElo "1674"]
[PlyCount "93"]
[EventDate "2025.04.18"]
[EventType "swiss"]
[EventRounds "7"]
[EventCountry "ENG"]
[SourceTitle "BritBase"]
[Source "John Saunders"]
[SourceDate "2025.09.17"]
[SourceVersion "1"]
[SourceVersionDate "2025.09.17"]
[SourceQuality "1"]

1. d4 Nf6 2. c4 g6 3. Nc3 Bg7 4. e4 d6 5. Nf3 Nc6 6. d5 Nb8 7. h3 a5 8. Be3 Na6 9. Be2 O-O 10. a3 Bd7 11. Qd2 b6 12. O-O Nc5 13. Bxc5 bxc5 14. Rab1 Rb8 15. Rfe1 c6 16. Bd1 cxd5 17. exd5 Re8 18. a4 Bc8 19. Nb5 Nd7 20. Qe2 Ne5 21. Nd2 Bf5 22. Ne4 Bd7 23. f4 Bxb5 24. axb5 Nd7 25. Bc2 Ra8 26. Qf3 a4 27. Re2 Qa5 28. Rbe1 Bxb2 29. Nxd6 Bc3 30. Nb7 Qb4 31. Rb1 Qxc4 32. d6 e6 33. Kh1 Reb8 34. Bd3 Qd4 35. f5 Ne5 36. Rxe5 Qxe5 37. d7 a3 38. Bc4 exf5 39. d8=Q+ Rxd8 40. Nxd8 Rxd8 41. Qb7 Qe4 42. Qxf7+ Kh8 43. Ba2 Be5 44. Rf1 Qf4 45. Rxf4 Rd1+ 46. Kh2 Bxf4+ 47. g3 1-0

[Event "Daventry 4NCL U2000"]
[Site "Daventry"]
[Date "2025.04.21"]
[Round "7.11"]
[White "Bowman, Richard L"]
[Black "Robinson, Brian"]
[Result "1/2-1/2"]
[WhiteElo "1776"]
[BlackElo "1742"]
[PlyCount "54"]
[EventDate "2025.04.18"]
[EventType "swiss"]
[EventRounds "7"]
[EventCountry "ENG"]
[SourceTitle "BritBase"]
[Source "John Saunders"]
[SourceDate "2025.09.17"]
[SourceVersion "1"]
[SourceVersionDate "2025.09.17"]
[SourceQuality "1"]

1. d4 d5 2. Bf4 Nf6 3. e3 c5 4. Bb5+ Bd7 5. Bxd7+ Nbxd7 6. Nc3 cxd4 7. exd4 a6 8. Nf3 e6 9. O-O Bb4 10. Qd3 O-O 11. Ne2 Ba5 12. Ng3 Bc7 13. Bxc7 Qxc7 14. Rfe1 Rac8 15. c3 Nb6 16. Ng5 h6 17. Nf3 Nc4 18. Re2 b5 19. Ne5 a5 20. a3 a4 21. f4 Rfe8 22. Rf1 Re7 23. Qf3 Nd6 24. f5 Rce8 25. Rfe1 Nfe4 26. Qg4 Nf6 27. Qf3 Nfe4 1/2-1/2

[Event "Daventry 4NCL U2000"]
[Site "Daventry"]
[Date "2025.04.21"]
[Round "7.12"]
[White "White, Nicholas E"]
[Black "Roychowdhury, Aashita"]
[Result "1/2-1/2"]
[WhiteElo "1703"]
[BlackElo "1654"]
[PlyCount "119"]
[EventDate "2025.04.18"]
[EventType "swiss"]
[EventRounds "7"]
[EventCountry "ENG"]
[SourceTitle "BritBase"]
[Source "John Saunders"]
[SourceDate "2025.09.17"]
[SourceVersion "1"]
[SourceVersionDate "2025.09.17"]
[SourceQuality "1"]

1. f4 d5 2. Nf3 Nf6 3. b3 Bf5 4. e3 e6 5. Bb2 Nbd7 6. Be2 c5 7. O-O Bd6 8. d3 Qc7 9. Qe1 O-O-O 10. a4 b6 11. Nc3 a6 12. h3 h5 13. Ng5 Bg6 14. Qf2 Rdf8 15. e4 dxe4 16. dxe4 c4 17. Kh1 Bc5 18. Qf3 cxb3 19. Bxa6+ Kd8 20. cxb3 h4 21. Nb5 Qc6 22. Nd4 Bxd4 23. Bxd4 Bxe4 24. Nxe4 Qxe4 25. Bxf6+ Nxf6 26. Rfd1+ Ke7 27. Qc3 Qxf4 28. Bc4 Qc7 29. a5 bxa5 30. Rxa5 Rb8 31. Rda1 Rhd8 32. Ra7 Rb7 33. Qb4+ Rxb4 34. Rxc7+ Nd7 35. Rd1 Rb6 36. Rb1 Ra8 37. Rd1 Rd6 38. Rxd6 Kxd6 39. Rb7 Rb8 40. Ra7 Ne5 41. Kg1 Nxc4 42. bxc4 Rf8 43. Kf2 g5 44. Ke3 f5 45. Ra5 Re8 46. Ra7 Rg8 47. Ra6+ Ke5 48. Ra5+ Kf6 49. c5 Rc8 50. Kd4 g4 51. hxg4 fxg4 52. Ra1 h3 53. gxh3 gxh3 54. Rh1 Rh8 55. c6 Ke7 56. Kc5 Rh7 57. Kb6 Kd8 58. Ra1 Rc7 59. Ra8+ Rc8 60. Ra7 1/2-1/2

[Event "Daventry 4NCL U1700"]
[Site "Daventry"]
[Date "2025.04.18"]
[Round "1.1"]
[White "Williams, Leslie"]
[Black "Oliveri, Omar"]
[Result "0-1"]
[WhiteElo "1517"]
[BlackElo "1699"]
[PlyCount "80"]
[EventDate "2025.04.18"]
[EventType "swiss"]
[EventRounds "7"]
[EventCountry "ENG"]
[SourceTitle "BritBase"]
[Source "John Saunders"]
[SourceDate "2025.09.18"]
[SourceVersion "1"]
[SourceVersionDate "2025.09.18"]
[SourceQuality "1"]

1. e4 c5 2. Nf3 d6 3. d4 cxd4 4. Nxd4 Nf6 5. Bd3 g6 6. c4 Bg7 7. Be3 Ng4 8. Qd2 Nxe3 9. Qxe3 Qb6 10. Nb5 Qxe3+ 11. fxe3 Na6 12. Nd4 Nb4 13. Kd2 Nxd3 14. Kxd3 O-O 15. Nc3 Bd7 16. Rag1 h5 17. h3 a6 18. Nce2 b5 19. cxb5 axb5 20. Ra1 Rfc8 21. b4 Rc4 22. a3 Rac8 23. Rhc1 e6 24. Rxc4 bxc4+ 25. Kc3 Ba4 26. Rb1 f5 27. Nf4 e5 28. Nxg6 exd4+ 29. exd4 Kf7 30. exf5 Bb3 31. g4 hxg4 32. hxg4 Re8 33. Rxb3 cxb3 34. Kxb3 Bxd4 35. Kc4 Be3 36. a4 Re4+ 37. Kd3 Rxb4 38. Kxe3 Rxg4 39. Nf4 Kf6 40. Ke4 Kg5 0-1

[Event "Daventry 4NCL U1700"]
[Site "Daventry"]
[Date "2025.04.18"]
[Round "1.2"]
[White "Homer, Neil S"]
[Black "Butler, Rene"]
[Result "1/2-1/2"]
[WhiteElo "1683"]
[BlackElo "1499"]
[PlyCount "117"]
[EventDate "2025.04.18"]
[EventType "swiss"]
[EventRounds "7"]
[EventCountry "ENG"]
[SourceTitle "BritBase"]
[Source "John Saunders"]
[SourceDate "2025.09.18"]
[SourceVersion "1"]
[SourceVersionDate "2025.09.18"]
[SourceQuality "1"]

1. e4 d5 2. exd5 Nf6 3. Nf3 Qxd5 4. d4 e6 5. Be2 Be7 6. O-O O-O 7. c4 Qd8 8. Nc3 b6 9. h3 Bb7 10. Be3 Nc6 11. Rc1 a6 12. a3 h6 13. Qc2 Qc8 14. Rfd1 Rd8 15. Rd2 Bf8 16. Rcd1 Ne7 17. Ne5 Nf5 18. Bf3 Bxf3 19. Nxf3 Nxe3 20. fxe3 Qb7 21. e4 b5 22. cxb5 axb5 23. e5 Nd5 24. Nxd5 Rxd5 25. Rc1 Rc8 26. Qc6 Qxc6 27. Rxc6 Be7 28. Rdc2 Bd8 29. R6c5 Rxc5 30. Rxc5 Rb8 31. b4 Rb7 32. Nd2 Bg5 33. Nf3 Be7 34. Rc3 Kf8 35. Kf1 Ke8 36. Ke2 Kd7 37. Nd2 c6 38. Ne4 Ra7 39. Kd3 Kc7 40. Nd2 Ra6 41. Kc2 Bg5 42. Ne4 Be7 43. Kb2 f5 44. exf6 gxf6 45. Rg3 f5 46. Nc5 Bxc5 47. dxc5 Kd7 48. Rg7+ Ke8 49. Rh7 e5 50. Rxh6 Kf7 51. Rd6 e4 52. Rd1 Ra8 53. Re1 Rd8 54. Re2 Kf6 55. g4 Rd3 56. gxf5 Kxf5 57. Rh2 Kf6 58. h4 Kg6 59. Re2 1/2-1/2

[Event "Daventry 4NCL U1700"]
[Site "Daventry"]
[Date "2025.04.18"]
[Round "1.3"]
[White "Prabhakaran, Anvikkashri"]
[Black "Webster, Vivien"]
[Result "1-0"]
[WhiteElo "1498"]
[BlackElo "1664"]
[PlyCount "75"]
[EventDate "2025.04.18"]
[EventType "swiss"]
[EventRounds "7"]
[EventCountry "ENG"]
[SourceTitle "BritBase"]
[Source "John Saunders"]
[SourceDate "2025.09.18"]
[SourceVersion "1"]
[SourceVersionDate "2025.09.18"]
[SourceQuality "1"]

1. d4 f5 2. c4 Nf6 3. g3 e6 4. Bg2 Be7 5. Nh3 O-O 6. O-O d6 7. b3 Nbd7 8. Nf4 Nb6 9. Bb2 Rb8 10. Nd2 c6 11. Qc2 Qc7 12. Nf3 Ne4 13. Nd2 Nxd2 14. Qxd2 e5 15. dxe5 dxe5 16. Nd3 Bf6 17. Bc3 Be6 18. Nc5 Bf7 19. Qb2 Rfe8 20. Rfd1 Qe7 21. Nd3 Nd7 22. Bb4 c5 23. Bc3 b6 24. Bh3 e4 25. Nf4 e3 26. f3 Bxc3 27. Qxc3 g5 28. Nd5 Bxd5 29. Rxd5 g4 30. fxg4 fxg4 31. Bxg4 Nf6 32. Rg5+ Kf7 33. Rf1 Qd6 34. Bh5+ Ke7 35. Bxe8 Rxe8 36. Re5+ Kd8 37. Rxe8+ Nxe8 38. Qxe3 1-0

[Event "Daventry 4NCL U1700"]
[Site "Daventry"]
[Date "2025.04.18"]
[Round "1.4"]
[White "Green, Oliver"]
[Black "Ronald, Ken"]
[Result "1-0"]
[WhiteElo "1660"]
[BlackElo "1498"]
[PlyCount "52"]
[EventDate "2025.04.18"]
[EventType "swiss"]
[EventRounds "7"]
[EventCountry "ENG"]
[SourceTitle "BritBase"]
[Source "John Saunders"]
[SourceDate "2025.09.18"]
[SourceVersion "1"]
[SourceVersionDate "2025.09.18"]
[SourceQuality "1"]

1. e4 d5 2. exd5 Qxd5 3. Nc3 Qa5 4. d4 e6 5. Nf3 Bb4 6. Bd2 c6 7. Ne5 Nd7 8. a3 Bxc3 9. Bxc3 Qc7 10. Qg4 g6 11. Nxd7 Bxd7 12. d5 exd5 13. Qe2+ Kf8 14. O-O-O f6 15. Qf3 Kf7 16. g4 h5 17. gxh5 Rxh5 18. Bd3 Bf5 19. Rhg1 Bxd3 20. Rxd3 Re8 21. Re3 Rxe3 22. Qxe3 Ne7 23. Re1 Qd7 24. Qd4 Qf5 25. Qc5 Nc8 26. Bb4 Qd7 1-0

[Event "Daventry 4NCL U1700"]
[Site "Daventry"]
[Date "2025.04.18"]
[Round "1.5"]
[White "Gelder, Stephanie"]
[Black "De Block, Gert"]
[Result "0-1"]
[WhiteElo "1488"]
[BlackElo "1654"]
[PlyCount "70"]
[EventDate "2025.04.18"]
[EventType "swiss"]
[EventRounds "7"]
[EventCountry "ENG"]
[SourceTitle "BritBase"]
[Source "John Saunders"]
[SourceDate "2025.09.18"]
[SourceVersion "1"]
[SourceVersionDate "2025.09.18"]
[SourceQuality "1"]

1. d4 Nf6 2. Nc3 d5 3. Bf4 Nh5 4. Bg5 h6 5. Bh4 g5 6. Bg3 Nxg3 7. hxg3 Bg7 8. e3 Bf5 9. Bd3 Bxd3 10. Qxd3 O-O 11. Nf3 e5 12. O-O-O Nd7 13. Nh2 c5 14. f4 f5 15. Nf3 g4 16. Nxe5 Nxe5 17. fxe5 c4 18. Qe2 Qe7 19. Kd2 b5 20. a3 b4 21. axb4 Qxb4 22. Rb1 Qa5 23. Rhc1 Rfd8 24. Ke1 h5 25. Qd2 Bh6 26. Na2 Qc7 27. Ke2 Kg7 28. Nc3 h4 29. Kf2 hxg3+ 30. Kxg3 Bg5 31. Rh1 Rh8 32. Kf2 g3+ 33. Ke2 Rh2 34. Rbg1 Rah8 35. Kd1 Rxh1 0-1

[Event "Daventry 4NCL U1700"]
[Site "Daventry"]
[Date "2025.04.18"]
[Round "1.6"]
[White "Morrish, John"]
[Black "Badley, Christopher"]
[Result "0-1"]
[WhiteElo "1644"]
[BlackElo "1483"]
[PlyCount "54"]
[EventDate "2025.04.18"]
[EventType "swiss"]
[EventRounds "7"]
[EventCountry "ENG"]
[SourceTitle "BritBase"]
[Source "John Saunders"]
[SourceDate "2025.09.18"]
[SourceVersion "1"]
[SourceVersionDate "2025.09.18"]
[SourceQuality "1"]

1. e4 c5 2. d4 cxd4 3. c3 e5 4. Bc4 Nf6 5. Qb3 Qe7 6. f3 Nc6 7. Qc2 d6 8. Bg5 h6 9. Bh4 Be6 10. Nd2 g5 11. Bf2 Bg7 12. Bd3 Rc8 13. Ne2 dxc3 14. Nxc3 a6 15. O-O O-O 16. Qd1 Rfd8 17. Re1 d5 18. exd5 Nxd5 19. Nxd5 Bxd5 20. Qe2 Be6 21. Ne4 Nd4 22. Bxd4 Rxd4 23. Ng3 Qd7 24. Rad1 Rd8 25. Bc2 Rd2 26. Qe4 Qd4+ 27. Qxd4 R8xd4 0-1

[Event "Daventry 4NCL U1700"]
[Site "Daventry"]
[Date "2025.04.18"]
[Round "1.7"]
[White "Ben-Eshak, Djad"]
[Black "Ajimal, Jet"]
[Result "1-0"]
[WhiteElo "1468"]
[BlackElo "1629"]
[PlyCount "41"]
[EventDate "2025.04.18"]
[EventType "swiss"]
[EventRounds "7"]
[EventCountry "ENG"]
[SourceTitle "BritBase"]
[Source "John Saunders"]
[SourceDate "2025.09.18"]
[SourceVersion "1"]
[SourceVersionDate "2025.09.18"]
[SourceQuality "1"]

1. e4 c5 2. c3 Nc6 3. d4 cxd4 4. cxd4 d5 5. e5 Bf5 6. Bd3 Nxd4 7. Qa4+ Nc6 8. Bxf5 e6 9. Bd3 Nge7 10. f4 a6 11. Nf3 Qd7 12. Nc3 d4 13. Nb5 Nd5 14. Nd6+ Bxd6 15. exd6 O-O 16. Qd1 Qxd6 17. Bxh7+ Kxh7 18. Ng5+ Kg6 19. Qg4 Nf6 20. Qg3 Nh5 21. f5+ 1-0

[Event "Daventry 4NCL U1700"]
[Site "Daventry"]
[Date "2025.04.18"]
[Round "1.8"]
[White "Robinson, John K"]
[Black "Sartain, Patrick P"]
[Result "1/2-1/2"]
[WhiteElo "1627"]
[BlackElo "1458"]
[PlyCount "86"]
[EventDate "2025.04.18"]
[EventType "swiss"]
[EventRounds "7"]
[EventCountry "ENG"]
[SourceTitle "BritBase"]
[Source "John Saunders"]
[SourceDate "2025.09.18"]
[SourceVersion "1"]
[SourceVersionDate "2025.09.18"]
[SourceQuality "1"]

1. d4 d5 2. Nf3 Bg4 3. Ne5 Bf5 4. Bf4 Nd7 5. e3 Nxe5 6. Bxe5 e6 7. Bd3 Bxd3 8. Qxd3 c6 9. Nd2 Ne7 10. O-O Ng6 11. Bg3 Bd6 12. f4 Qc7 13. c4 b6 14. Rac1 Qe7 15. e4 O-O 16. cxd5 cxd5 17. e5 Bc7 18. Nf3 h6 19. f5 exf5 20. Qxf5 Rae8 21. h4 Bb8 22. h5 Nh8 23. Bh4 Qe6 24. Qf4 f6 25. Qd2 fxe5 26. dxe5 Rf5 27. g4 Rxf3 28. Rxf3 Qxg4+ 29. Rg3 Qxh4 30. Qxd5+ Nf7 31. Rf3 Qxh5 32. Rcf1 Qg6+ 33. Kh1 Rf8 34. Rf5 Kh7 35. Rxf7 Rxf7 36. Qxf7 Qe4+ 37. Kg1 Qg4+ 38. Kh1 Qh4+ 39. Kg1 Qg4+ 40. Kh1 Bxe5 41. Qf5+ g6 42. Qf7+ Bg7 43. b3 h5 1/2-1/2

[Event "Daventry 4NCL U1700"]
[Site "Daventry"]
[Date "2025.04.18"]
[Round "1.9"]
[White "Poliakov, Andrii"]
[Black "Bangalore Kumar, Rohith"]
[Result "1/2-1/2"]
[WhiteElo "1437"]
[BlackElo "1619"]
[PlyCount "70"]
[EventDate "2025.04.18"]
[EventType "swiss"]
[EventRounds "7"]
[EventCountry "ENG"]
[SourceTitle "BritBase"]
[Source "John Saunders"]
[SourceDate "2025.09.18"]
[SourceVersion "1"]
[SourceVersionDate "2025.09.18"]
[SourceQuality "1"]

1. d4 d5 2. c4 e6 3. Nc3 Nf6 4. Bg5 Be7 5. e3 h6 6. Bh4 O-O 7. Nf3 Nbd7 8. Bxf6 Nxf6 9. Be2 c5 10. dxc5 dxc4 11. c6 bxc6 12. Bxc4 Qb6 13. Qb3 Rb8 14. Qxb6 Rxb6 15. Bb3 Ba6 16. O-O-O Nd5 17. Nxd5 cxd5 18. Kb1 Rfb8 19. Rd2 Bf6 20. Nd4 Rb4 21. Nc6 Rxb3 22. axb3 Rxb3 23. Nd4 Rb4 24. Rc1 Bc4 25. f4 a5 26. Rc3 a4 27. Ra3 Ba6 28. b3 Bxd4 29. Rxd4 Rxb3+ 30. Ka2 Bc4 31. Rxb3 axb3+ 32. Kb2 f5 33. h3 h5 34. h4 Kf7 35. Rd1 Kf6 1/2-1/2

[Event "Daventry 4NCL U1700"]
[Site "Daventry"]
[Date "2025.04.18"]
[Round "1.10"]
[White "Shi, Kevin"]
[Black "Jerome, Stellio"]
[Result "1-0"]
[WhiteElo "1430"]
[BlackElo "1614"]
[PlyCount "153"]
[EventDate "2025.04.18"]
[EventType "swiss"]
[EventRounds "7"]
[EventCountry "ENG"]
[SourceTitle "BritBase"]
[Source "John Saunders"]
[SourceDate "2025.09.18"]
[SourceVersion "1"]
[SourceVersionDate "2025.09.18"]
[SourceQuality "1"]

1. e4 e6 2. d4 d5 3. Nd2 Nf6 4. e5 Nfd7 5. Ngf3 c5 6. c3 Nc6 7. Bd3 Qc7 8. O-O b6 9. Re1 cxd4 10. cxd4 Nb4 11. Bb1 Ba6 12. Qb3 Rc8 13. Nf1 Bc4 14. Qd1 Na6 15. Ne3 Bb4 16. Nxc4 dxc4 17. Re4 c3 18. Bd3 c2 19. Qe2 Nab8 20. a3 Be7 21. Bd2 Nc6 22. Rc1 Na5 23. Bxa5 bxa5 24. Rxc2 Qb8 25. Bb5 Rxc2 26. Bxd7+ Kxd7 27. Qxc2 Rc8 28. Qa4+ Kd8 29. Qxa5+ Ke8 30. Qd2 Rc4 31. Re1 Qc7 32. Qd3 g6 33. h3 Rc2 34. Rb1 Rc1+ 35. Kh2 Rc2 36. Qe3 Kf8 37. Ne1 Rc4 38. Nd3 Qd8 39. Ne1 Rxd4 40. Nf3 Rd5 41. Qxa7 Bc5 42. Qa4 Bxf2 43. b4 f6 44. exf6 Qxf6 45. b5 Bb6 46. Qa8+ Rd8 47. Qc6 Ba7 48. b6 Bb8+ 49. Kh1 Qf5 50. Rc1 e5 51. Nh4 Qf4 52. Qf3 e4 53. Qxf4+ Bxf4 54. Rf1 g5 55. g3 e3 56. gxf4 gxh4 57. Re1 Rb8 58. Rxe3 Rxb6 59. Kg2 Rg6+ 60. Kf3 Kf7 61. a4 Ra6 62. Ra3 Rg6 63. Ke4 h6 64. a5 Ra6 65. Kf5 Kg7 66. Kg4 Kg6 67. Kxh4 h5 68. Kg3 Kf5 69. Kf3 h4 70. Ra4 Rg6 71. a6 Rg3+ 72. Kf2 Rg8 73. a7 Ra8 74. Kf3 Ke6 75. Kg4 Kf6 76. Ra6+ Kg7 77. Kxh4 1-0

[Event "Daventry 4NCL U1700"]
[Site "Daventry"]
[Date "2025.04.18"]
[Round "1.11"]
[White "Curran, David P"]
[Black "Morley, Ian"]
[Result "1-0"]
[WhiteElo "1612"]
[BlackElo "1428"]
[PlyCount "71"]
[EventDate "2025.04.18"]
[EventType "swiss"]
[EventRounds "7"]
[EventCountry "ENG"]
[SourceTitle "BritBase"]
[Source "John Saunders"]
[SourceDate "2025.09.18"]
[SourceVersion "1"]
[SourceVersionDate "2025.09.18"]
[SourceQuality "1"]

1. d4 d5 2. c4 Nc6 3. Nf3 Bg4 4. e3 dxc4 5. Bxc4 e6 6. O-O Nf6 7. a3 Bd6 8. Nc3 a6 9. Be2 h6 10. b4 b5 11. Bb2 O-O 12. Rc1 Ne7 13. e4 Bf4 14. Rc2 c6 15. e5 Nfd5 16. g3 Bh3 17. Re1 Bg5 18. Nxg5 hxg5 19. Ne4 Bf5 20. Bf3 Bxe4 21. Bxe4 g6 22. Bc1 f5 23. exf6 Nxf6 24. Bg2 Nf5 25. Bxg5 Qxd4 26. Qc1 Rac8 27. Rxe6 Kg7 28. Rexc6 Rxc6 29. Rxc6 Ng4 30. Qc3 Qxc3 31. Rxc3 Nd4 32. Rc7+ Rf7 33. Rxf7+ Kxf7 34. Bd5+ Kg7 35. Bb7 Nc2 36. Bc1 1-0

[Event "Daventry 4NCL U1700"]
[Site "Daventry"]
[Date "2025.04.18"]
[Round "1.12"]
[White "Goldsmith, Jennifer"]
[Black "Bishop, Geoffrey L"]
[Result "0-1"]
[WhiteElo "1379"]
[BlackElo "1609"]
[PlyCount "104"]
[EventDate "2025.04.18"]
[EventType "swiss"]
[EventRounds "7"]
[EventCountry "ENG"]
[SourceTitle "BritBase"]
[Source "John Saunders"]
[SourceDate "2025.09.18"]
[SourceVersion "1"]
[SourceVersionDate "2025.09.18"]
[SourceQuality "1"]

1. c4 Nf6 2. Nc3 e6 3. g3 d5 4. cxd5 exd5 5. d4 c6 6. Bg2 Bf5 7. Nf3 Nbd7 8. O-O Bd6 9. Nh4 Be6 10. e4 dxe4 11. Nxe4 Nxe4 12. Bxe4 Nf6 13. Bc2 O-O 14. Qd3 g6 15. f4 b5 16. b3 Nd5 17. a3 f5 18. Bd2 Be7 19. Nf3 Bf6 20. Rfe1 Bd7 21. Ne5 Rc8 22. Nxd7 Qxd7 23. Rad1 Rfe8 24. b4 Nb6 25. Bc3 Rcd8 26. Rxe8+ Rxe8 27. Bb3+ Nd5 28. Qf3 Re4 29. Rd3 Kf8 30. Bb2 Qe6 31. Kf2 Qc8 32. Qd1 Qe6 33. Qf3 Qd6 34. Qd1 Qc7 35. Qc2 Qd6 36. Qc1 Qe7 37. Qd2 h6 38. h4 Bxh4 39. Bxd5 cxd5 40. Qc2 Bf6 41. Rd2 Kf7 42. Qc6 Qe6 43. Qxb5 g5 44. Qb7+ Kg6 45. fxg5 Bxg5 46. Rc2 Be3+ 47. Kf3 Kg5 48. Qg7+ Qg6 49. Qxa7 Qh5+ 50. Kg2 Re6 51. Qc5 Qd1 52. Qc7 Qg1+ 0-1